Notti newyorkesi : romanzo /

সংরক্ষণ করুন:
গ্রন্থ-পঞ্জীর বিবরন
প্রধান লেখক: Ames, Jonathan (লেখক)
অন্যান্য লেখক: Pivano, Fernanda
বিন্যাস: গ্রন্থ
ভাষা:ইতালিয়
প্রকাশিত: Milano : SugarCo, stampa 1989
মালা:Tasco ; 148
ট্যাগগুলো: ট্যাগ যুক্ত করুন
কোনো ট্যাগ নেই, প্রথমজন হিসাবে ট্যাগ করুন!

MARC

LEADER 00000nam a22000007i 4500
001 IT\ICCU\LO1\0032129
003 ItRI
005 20260115231920.0
008 901105s1990 it |||||| ||||| |||||c
020 |a 8871980018 
040 |b ita  |c importazione bologna sebina 
041 7 |a ita  |2 ISO-639-2 
082 |a 813.54  |9 NARRATIVA AMERICANA IN LINGUA INGLESE. 1945-  |2 19 
100 1 |a Ames, Jonathan  |0 IT\ICCU\CFIV\096665  |4 aut 
240 1 0 |a I pass like night  |3 IT\ICCU\LO1\0038755  |9 Ames, Jonathan 
245 1 0 |a Notti newyorkesi :  |b romanzo /  |c Jonathan Ames ; prefazione di Fernanda Pivano. 
260 |a Milano :  |b SugarCo,  |c stampa 1989 
300 |a 151 p. ;  |c 20 cm 
700 1 |a Pivano, Fernanda  |0 IT\ICCU\CFIV\037838 
830 0 |a Tasco ;  |v 148  |0 IT\ICCU\CFI\0000467 
942 |2 ddc  |c BK  |n 0 
952 |0 0  |1 0  |4 0  |6 DOC_813_540000000000000_AME  |7 0  |9 16363  |a BO  |b BO  |d 2026-01-15  |i 6735  |l 0  |o DOC 813.54 AME  |p BO6735  |r 2026-01-15 23:19:20  |w 2026-01-15  |x [Sebina 5] [1 v.]  |y BK  |z 1 v. 
999 |c 14039  |d 14039